Los medios y el mundial de fútbol : brasil 2014
Guardado en:
| Formato: | Libro |
|---|---|
| Publicado: |
Buenos Aires :
Ministerio de Educación de la Nación,
2014
|
| Materias: | |
| Etiquetas: |
Agregar Etiqueta
Sin Etiquetas, Sea el primero en etiquetar este registro!
|
| LEADER | 01958nam a22003855a 4500 | ||
|---|---|---|---|
| 001 | CEM.cems018322 | ||
| 005 | 20140716115046.0 | ||
| 008 | 130507s2014##################000#0#####d | ||
| 003 | CEMS | ||
| 020 | |a 9789500010238 | ||
| 082 | 0 | 4 | |a FC302.2 |
| 245 | 0 | 0 | |a Los medios y el mundial de fútbol : |b brasil 2014 |
| 260 | |a Buenos Aires : |b Ministerio de Educación de la Nación, |c 2014 | ||
| 300 | |a 48 p. | ||
| 500 | |a El Ministerio de Educación de la Nación, a través del Programa "escuela y Medios", presenta una propuesta para trabajar en el aula. | ||
| 505 | 0 | |a ¿Por qué los medios? -- ¿Por qué la copa mundial de fútbol? -- Cuando los medios hablan del mundial -- "Nosotros" y los "otros" en los medios | |
| 653 | |a Medios de comunicación | ||
| 653 | |a Fútbol | ||
| 653 | |a Mundia de fútbol-brasil 2014 | ||
| 653 | |a Fútbol en argentina | ||
| 653 | |a Programa medios y escuela | ||
| 859 | |a CEMS |b BIB. CEMS - Agricultura |h FC302.2 |i Ar37 |p A0105.44 |t Ej.1 | ||
| 859 | |a CEMS |b BIB. CEMS - Agricultura |h FC302.2 |i Ar37 |p A0106.44 |t Ej.2 | ||
| 859 | |a CEMS |b BIB. CEMS - Agricultura |h FC302.2 |i Ar37 |p A0107.44 |t Ej.3 | ||
| 859 | |a CEMS |b BIB. CEMS - Agricultura |h FC302.2 |i Ar37 |p A0108.44 |t Ej.4 | ||
| 859 | |a CEMS |b BIB. CEMS - Agricultura |h FC302.2 |i Ar37 |p A0109.44 |t Ej.5 | ||
| 859 | |a CEMS |b BIB. CEMS - Agricultura |h FC302.2 |i Ar37 |p A0110.44 |t Ej.6 | ||
| 859 | |a CEMS |b BIB. CEMS - Agricultura |h FC302.2 |i Ar37 |p A0111.44 |t Ej.7 | ||
| 859 | |a CEMS |b BIB. CEMS - Agricultura |h FC302.2 |i Ar37 |p A0112.44 |t Ej.8 | ||
| 859 | |a CEMS |b BIB. CEMS - Agricultura |h FC302.2 |i Ar37 |p A0113.44 |t Ej.9 | ||
| 859 | |a CEMS |b BIB. CEMS - Agricultura |h FC302.2 |i Ar37 |p A0114.44 |t Ej.10 | ||
| 859 | |a CEMS |b BIB. CEMS - Agricultura |h FC302.2 |i Ar37 |p A0115.44 |t Ej.11 | ||
| 859 | |a CEMS |b BIB. CEMS - Agricultura |h FC302.2 |i Ar37 |p A0116.44 |t Ej.12 | ||
| 859 | |a CEMS |b BIB. CEMS - Agricultura |h FC302.2 |i Ar37 |p A0117.44 |t Ej.13 | ||
| 859 | |a CEMS |b BIB. CEMS - Agricultura |h FC302.2 |i Ar37 |p A0118.44 |t Ej.14 | ||
